[Event "USA-chT College final"]
[Site "Richardson"]
[Date "2024.03.31"]
[Round "3.1"]
[White "Raja, Harshit"]
[Black "Harsha, Bharathakoti"]
[Result "1/2-1/2"]
[WhiteElo "2458"]
[BlackElo "2567"]
[PlyCount "31"]
[EventDate "2024.03.30"]
[EventType "team-tourn"]
[EventRounds "3"]
[EventCountry "USA"]
[SourceTitle "CB14_2024"]
[SourceDate "2024.04.01"]
[SourceVersion "1"]
[SourceVersionDate "2024.04.01"]
[SourceQuality "1"]
[WhiteTeam "Missouri Univ"]
[BlackTeam "Webster Univ"]
[WhiteTeamCountry "USA"]
[BlackTeamCountry "USA"]

1. e4 c5 2. Nf3 e6 3. d4 cxd4 4. Nxd4 Nf6 5. Nc3 Nc6 6. Ndb5 d6 7. Bf4 e5 8. Bg5 a6 9. Na3 b5 10. Nd5 Be7 11. Bxf6 Bxf6 12. c3 0-0 13. Nc2 Rb8 14. g3 Bg5 15. h4 Bh6 16. Bh3 1/2-1/2

[Event "American Cup Blitz"]
[Site "Saint Louis"]
[Date "2024.03.21"]
[Round "5"]
[White "Harsha, Bharathakoti"]
[Black "Dominguez Perez, Leinier"]
[Result "1/2-1/2"]
[WhiteElo "2567"]
[BlackElo "2749"]
[PlyCount "110"]
[EventDate "2024.03.21"]
[EventType "swiss (blitz)"]
[EventRounds "7"]
[EventCountry "USA"]
[SourceTitle "CB13_2024"]
[SourceDate "2024.03.27"]
[SourceVersion "1"]
[SourceVersionDate "2024.03.27"]
[SourceQuality "1"]

1. c4 e6 2. Nf3 d5 3. g3 Nf6 4. Bg2 Be7 5. 0-0 0-0 6. b3 c5 7. cxd5 Nxd5 8. Bb2 Nc6 9. d4 cxd4 10. Nxd4 Bd7 11. Na3 Rc8 12. Nc4 Bc5 13. Rc1 Qe7 14. e4 Nb6 15. Nxc6 Bxc6 16. Qg4 f6 17. Nxb6 Bxb6 18. Rfd1 Rcd8 19. Rxd8 Rxd8 20. Rd1 Rxd1+ 21. Qxd1 Qc5 22. Qd2 e5 23. Bf3 a5 24. Kg2 Kf7 25. h4 h6 26. h5 Ke7 27. Qe2 Ke8 28. Qd2 a4 29. bxa4 Bxa4 30. Qe2 Bb5 31. Qd2 Bc6 32. g4 Qc4 33. Qc3 Qxc3 34. Bxc3 Ke7 35. Kf1 Bd4 36. Bb4+ Kf7 37. Ke1 b5 38. Bg2 Bb6 39. f3 Bd7 40. Bf1 Bd4 41. Bd3 Bc6 42. Ke2 Bd7 43. Ke1 g6 44. hxg6+ Kxg6 45. Ke2 h5 46. gxh5+ Kxh5 47. Be7 Kg6 48. a3 Kf7 49. Bb4 Kg6 50. Be7 Be8 51. Kf1 Kf7 52. Bb4 Bc6 53. Ke2 Kg6 54. Be7 Bd7 55. Kf1 Kf7 1/2-1/2

[Event "Titled Tuesday intern op 13th Feb Late"]
[Site "Chess.com INT"]
[Date "2024.02.13"]
[Round "1"]
[White "Harsha, Bharathakoti"]
[Black "Asish, Panda"]
[Result "1-0"]
[WhiteElo "2562"]
[BlackElo "1807"]
[PlyCount "83"]
[EventDate "2024.02.13"]
[EventType "swiss (blitz)"]
[EventRounds "11"]
[EventCountry "USA"]
[SourceTitle "CB08_2024"]
[SourceDate "2024.02.21"]
[SourceVersion "1"]
[SourceVersionDate "2024.02.21"]
[SourceQuality "1"]

1. Nf3 d5 2. e3 Nf6 3. c4 e6 4. Nc3 Be7 5. b3 0-0 6. Bb2 b6 7. cxd5 Nxd5 8. Nxd5 Qxd5 9. Bc4 Qh5 10. Qc2 Bb7 11. Be2 c5 12. h4 Qg6 13. Bd3 Qxg2 14. Rg1 Bxf3 15. Rxg2 Bxg2 16. Bxh7+ Kh8 17. Be4 Bxe4 18. Qxe4 Nd7 19. Ke2 Bf6 20. Bxf6 Nxf6 21. Qb7 g6 22. Rc1 Kg7 23. Rc4 Rfb8 24. Qf3 Nd5 25. h5 Rh8 26. hxg6 fxg6 27. Rg4 Raf8 28. Qg3 Rf6 29. Qd6 Rh5 30. e4 Nb4 31. Qe7+ Rf7 32. Qxe6 Rf6 33. Qe7+ Rf7 34. Qd6 Rf6 35. Qb8 Rf7 36. Rf4 Re7 37. Qd6 Rf7 38. Rxf7+ Kxf7 39. e5 Rh8 40. Qf6+ Kg8 41. e6 Rh7 42. e7 1-0

[Event "Titled Tuesday intern op 06th Feb Late"]
[Site "Chess.com INT"]
[Date "2024.02.06"]
[Round "7"]
[White "Bortnyk, Olexandr"]
[Black "Harsha, Bharathakoti"]
[Result "0-1"]
[WhiteElo "2608"]
[BlackElo "2562"]
[PlyCount "136"]
[EventDate "2024.02.06"]
[EventType "swiss (blitz)"]
[EventRounds "11"]
[EventCountry "USA"]
[SourceTitle "CB07_2024"]
[SourceDate "2024.02.14"]
[SourceVersion "1"]
[SourceVersionDate "2024.02.14"]
[SourceQuality "1"]

1. e4 c5 2. c3 Nf6 3. e5 Nd5 4. d4 cxd4 5. Nf3 e6 6. cxd4 d6 7. Bc4 Be7 8. 0-0 0-0 9. Qe2 dxe5 10. dxe5 Bd7 11. Nbd2 Bc6 12. Ne4 Nd7 13. Re1 Rc8 14. Bd2 Qc7 15. Ng3 Rfd8 16. Rac1 Qb6 17. Bg5 Bxg5 18. Nxg5 h6 19. Nh3 Nf8 20. Ne4 Ng6 21. Nd6 Rc7 22. Qg4 Nxe5 23. Rxe5 Rxd6 24. Rce1 Nf6 25. Qg3 Rcd7 26. Bb3 Bd5 27. Nf4 Bxb3 28. axb3 Rd1 29. h3 Rxe1+ 30. Rxe1 Rd2 31. Nd3 Qd4 32. Re3 Rd1+ 33. Kh2 Ne4 34. Qf3 Rd2 35. b4 Qd6+ 36. g3 Nf6 37. Ne5 Qd5 38. Kg2 Qxf3+ 39. Rxf3 Rxb2 40. Rc3 Nd5 41. Rc8+ Kh7 42. Nxf7 Rxb4 43. h4 Kg6 44. Nd6 a5 45. Ra8 a4 46. Ra7 b5 47. Ne8 Kf5 48. Nxg7+ Ke5 49. Ra6 Nc3 50. Nxe6 Kd5 51. Nc7+ Kc5 52. h5 Rb1 53. Ne6+ Kd5 54. Nf4+ Kc5 55. Nd3+ Kc4 56. Ne5+ Kd5 57. Ng4 b4 58. Nxh6 a3 59. Ng4 a2 60. Ne3+ Kc5 61. Nc2 b3 62. h6 bxc2 63. h7 c1Q 64. h8Q Qg1+ 65. Kf3 Qh1+ 66. Qxh1 Rxh1 67. Rxa2 Nxa2 68. Kg2 Rd1 0-1

[Event "Titled Tuesday intern op 06th Feb Late"]
[Site "Chess.com INT"]
[Date "2024.02.06"]
[Round "5"]
[White "Harsha, Bharathakoti"]
[Black "Ambartsumova, Karina"]
[Result "1/2-1/2"]
[WhiteElo "2562"]
[BlackElo "2418"]
[PlyCount "218"]
[EventDate "2024.02.06"]
[EventType "swiss (blitz)"]
[EventRounds "11"]
[EventCountry "USA"]
[SourceTitle "CB07_2024"]
[SourceDate "2024.02.14"]
[SourceVersion "1"]
[SourceVersionDate "2024.02.14"]
[SourceQuality "1"]

1. Nf3 Nf6 2. c4 e6 3. Nc3 d5 4. e3 Be7 5. b3 0-0 6. Bb2 b6 7. cxd5 exd5 8. g3 c5 9. d4 Nc6 10. Bb5 Bb7 11. 0-0 Rc8 12. Re1 a6 13. Bf1 cxd4 14. Nxd4 Nxd4 15. exd4 Bb4 16. Re3 Re8 17. Rxe8+ Qxe8 18. Rc1 Qe6 19. a3 Bf8 20. Ne2 h6 21. Nf4 Qd7 22. Bh3 Rxc1 23. Qxc1 Qc6 24. Qd1 Bd6 25. Nd3 Ne4 26. Bg2 Nc3 27. Qe1 Ne4 28. Qe2 Qd7 29. Ne5 Qe7 30. a4 Nf6 31. Qc2 Qc7 32. Qd1 Ne4 33. f3 Nf6 34. Bf1 Bc8 35. Bd3 a5 36. Qe2 Be6 37. Kg2 Bb4 38. h4 Bf8 39. Kh2 Bd6 40. Kg2 Bf8 41. Qe3 Bd6 42. Qd2 Bb4 43. Qd1 Bd6 44. Kf2 Bb4 45. Qe2 Bd6 46. g4 Nd7 47. Kg2 Nxe5 48. dxe5 Bb4 49. Qc2 Qxc2+ 50. Bxc2 Kf8 51. Kf1 Ke7 52. Ke2 Bd7 53. Ke3 b5 54. Bd4 bxa4 55. bxa4 f6 56. exf6+ gxf6 57. h5 Kf7 58. Bb3 Bc6 59. Kd3 Ke6 60. Be3 Bf8 61. Kd4 f5 62. g5 hxg5 63. Bxg5 Bg7+ 64. Kc5 Bb7 65. h6 Bh8 66. Kb6 Bc8 67. Kxa5 Ke5 68. Kb4 f4 69. a5 Ba6 70. Be7 d4 71. Bf8 Kf6 72. Bc5 Kg6 73. Bc4 Bb7 74. Bd3+ Kxh6 75. Be4 Ba6 76. Kb3 Kg5 77. Bd6 Bf6 78. Kb4 Bd8 79. Bc5 Kh4 80. Bxd4 Kg3 81. Bb6 Be7+ 82. Bc5 Bd8 83. Bd5 Be2 84. Bb6 Be7+ 85. Kc3 Bd6 86. Kd2 Ba6 87. Be4 Bb4+ 88. Kc2 Kg2 89. Kb3 Be1 90. Bc7 Kg3 91. Kc2 Bxa5 92. Bxa5 Be2 93. Be1+ Kg2 94. Kd2 Bxf3 95. Bf5 Bd5 96. Bd7 f3 97. Ke3 Bb7 98. Bh4 Bd5 99. Bf5 Bb7 100. Bd3 Ba8 101. Bb5 Bb7 102. Bf2 Ba8 103. Bd7 Bb7 104. Bf5 Ba8 105. Bh4 Bb7 106. Bg4 Ba8 107. Bh5 Bb7 108. Be1 Ba8 109. Bxf3+ Bxf3 1/2-1/2

[Event "Titled Tuesday intern op 06th Feb Early"]
[Site "Chess.com INT"]
[Date "2024.02.06"]
[Round "2"]
[White "Harsha, Bharathakoti"]
[Black "Chayka, Vitaliy"]
[Result "1-0"]
[WhiteElo "2562"]
[BlackElo "2102"]
[PlyCount "145"]
[EventDate "2024.02.06"]
[EventType "swiss (blitz)"]
[EventRounds "11"]
[EventCountry "USA"]
[SourceTitle "CB07_2024"]
[SourceDate "2024.02.14"]
[SourceVersion "1"]
[SourceVersionDate "2024.02.14"]
[SourceQuality "1"]

1. Nf3 d6 2. d4 Nd7 3. c4 e5 4. Nc3 Ngf6 5. g3 Be7 6. Bg2 0-0 7. 0-0 c6 8. Qc2 a6 9. Rd1 Qc7 10. b3 b5 11. Bb2 Bb7 12. e3 Rfe8 13. Rac1 b4 14. Na4 c5 15. dxe5 dxe5 16. Nd2 Rad8 17. Ne4 Bf8 18. Nxf6+ Nxf6 19. Rxd8 Rxd8 20. Bxe5 Qxe5 21. Bxb7 h5 22. Rd1 Rxd1+ 23. Qxd1 h4 24. Bf3 Qf5 25. g4 Qe5 26. h3 Bd6 27. Bg2 Bc7 28. Kf1 a5 29. Qb1 g6 30. Nb2 Qc3 31. Nd3 Bd6 32. Ke2 Nd7 33. Qb2 Ne5 34. Qxc3 bxc3 35. Ne1 g5 36. Nc2 Kf8 37. Be4 f6 38. Na3 Nd7 39. Bf5 Nb6 40. Kd3 Be5 41. Nb5 a4 42. Nxc3 axb3 43. axb3 Ke7 44. Ne4 Bd6 45. b4 Na4 46. b5 Nb6 47. Nc3 Be5 48. Ne2 Bh2 49. Be4 Kd6 50. Bh7 Ke5 51. Bg8 Kd6 52. f4 gxf4 53. exf4 Nd7 54. Ke4 Nf8 55. Kf3 Ng6 56. Bh7 Ne7 57. Kg2 Bg3 58. Nxg3 hxg3 59. Kxg3 Nc8 60. Bd3 Nb6 61. h4 Ke7 62. h5 Kf7 63. g5 Kg7 64. Kg4 fxg5 65. fxg5 Nd7 66. h6+ Kg8 67. Kf5 Nf8 68. Be4 Nd7 69. Bd5+ Kh8 70. g6 Nf6 71. g7+ Kh7 72. Kxf6 Kxh6 73. g8Q 1-0

[Event "Titled Tuesday intern op 06th Feb Early"]
[Site "Chess.com INT"]
[Date "2024.02.06"]
[Round "1"]
[White "Marn, Jan"]
[Black "Harsha, Bharathakoti"]
[Result "1-0"]
[WhiteElo "2341"]
[BlackElo "2562"]
[PlyCount "123"]
[EventDate "2024.02.06"]
[EventType "swiss (blitz)"]
[EventRounds "11"]
[EventCountry "USA"]
[SourceTitle "CB07_2024"]
[SourceDate "2024.02.14"]
[SourceVersion "1"]
[SourceVersionDate "2024.02.14"]
[SourceQuality "1"]

1. d4 d5 2. c4 e6 3. Nf3 a6 4. cxd5 exd5 5. Nc3 c6 6. e4 dxe4 7. Nxe4 Be7 8. Bd3 Nf6 9. 0-0 0-0 10. Re1 Bg4 11. Be3 Nbd7 12. h3 Bh5 13. Ng3 Bg6 14. Bxg6 hxg6 15. Qd2 Re8 16. a3 Nd5 17. Bg5 f6 18. Bf4 Nf8 19. Ne4 Qb6 20. Bd6 Bxd6 21. Nxd6 Rxe1+ 22. Rxe1 Rd8 23. Ne4 Re8 24. b4 Qc7 25. Nc5 Rd8 26. Qc2 Qf7 27. Re4 Ra8 28. Qb3 b6 29. Nd3 Ne6 30. Re1 Qd7 31. Qc2 g5 32. Qc4 Qd6 33. Nd2 b5 34. Qa2 Nxd4 35. Nc5 Kh8 36. Nde4 Qf4 37. Qa1 Nf5 38. Qd1 Rd8 39. Qh5+ Kg8 40. Ng3 Nxg3 41. fxg3 Qd4+ 42. Kh2 Qd3 43. Re8+ Rxe8 44. Qxe8+ Kh7 45. Qh5+ Kg8 46. Qe8+ Kh7 47. Qh5+ Kg8 48. Ne6 Qf5 49. Qe8+ Kh7 50. Qh5+ Kg8 51. Qe8+ Kh7 52. Qf7 Kh6 53. Qxg7+ Kh5 54. Qh8+ Kg6 55. Qe8+ Kh6 56. Qf8+ Kg6 57. Qg8+ Kh6 58. Qg7+ Kh5 59. g4+ Qxg4 60. hxg4+ Kxg4 61. Qg6 f5 62. Qxg5# 1-0

[Event "Titled Tuesday intern op 23rd Jan Late"]
[Site "Chess.com INT"]
[Date "2024.01.23"]
[Round "4"]
[White "Harsha, Bharathakoti"]
[Black "Duda, Jan Krzysztof"]
[Result "0-1"]
[WhiteElo "2565"]
[BlackElo "2732"]
[PlyCount "72"]
[EventDate "2024.01.23"]
[EventType "swiss (blitz)"]
[EventRounds "11"]
[EventCountry "USA"]
[SourceTitle "CB05_2024"]
[SourceDate "2024.01.31"]
[SourceVersion "1"]
[SourceVersionDate "2024.01.31"]
[SourceQuality "1"]

1. Nf3 Nf6 2. c4 c6 3. Nc3 d5 4. e3 e6 5. b3 Bd6 6. Bb2 0-0 7. Be2 e5 8. cxd5 e4 9. Nd4 cxd5 10. d3 a6 11. dxe4 dxe4 12. 0-0 Qe7 13. Qc2 h5 14. Rfd1 b5 15. Qd2 Rd8 16. Qe1 Qe5 17. g3 h4 18. Rd2 Qe8 19. Rad1 Bf8 20. Bf1 Bg4 21. Be2 Ra7 22. Bxg4 Nxg4 23. Qe2 Nf6 24. Nc2 Rad7 25. Rxd7 Nbxd7 26. Nd5 Nxd5 27. Rxd5 Rc8 28. Qd1 Nc5 29. Ne1 Qe6 30. Kg2 h3+ 31. Kg1 Nd3 32. Rxd3 exd3 33. Qxd3 Qc6 34. f3 Bb4 35. Kf2 Bxe1+ 36. Kxe1 Qxf3 0-1

[Event "Titled Tuesday intern op 16th Jan Late"]
[Site "Chess.com INT"]
[Date "2024.01.16"]
[Round "2"]
[White "Belli, Giorgio"]
[Black "Harsha, Bharathakoti"]
[Result "0-1"]
[WhiteElo "2111"]
[BlackElo "2565"]
[PlyCount "140"]
[EventDate "2024.01.16"]
[EventType "swiss (blitz)"]
[EventRounds "11"]
[EventCountry "USA"]
[SourceTitle "CB04_2024"]
[SourceDate "2023.10.16"]
[SourceVersion "1"]
[SourceVersionDate "2023.10.16"]
[SourceQuality "1"]

1. e4 g6 2. d4 Bg7 3. Nc3 d6 4. Nf3 a6 5. a4 Nc6 6. Be2 Bg4 7. Be3 Nf6 8. 0-0 0-0 9. h3 Bxf3 10. Bxf3 e5 11. d5 Ne7 12. Be2 Nd7 13. f3 f5 14. b4 a5 15. b5 b6 16. Qd2 Rf7 17. Na2 Qf8 18. c4 h5 19. Nc3 Kh7 20. Kh1 Bh6 21. Bxh6 Qxh6 22. Qxh6+ Kxh6 23. Bd3 Nc5 24. Bc2 h4 25. exf5 gxf5 26. Rae1 Ng6 27. Nd1 Nf4 28. Ne3 Raf8 29. Rd1 Nh5 30. Kh2 Ng3 31. Rf2 Kg5 32. Rfd2 Rg7 33. Nf1 Nxf1+ 34. Rxf1 Kf4 35. Re1 Rg3 36. Rde2 Rfg8 37. Rf2 R8g7 38. Rfe2 Kg5 39. Rf2 Kf6 40. Rfe2 Kg5 41. Rf2 Nd7 42. Ree2 Kf6 43. Kh1 Nf8 44. Kh2 Ng6 45. Rd2 Nf4 46. Kh1 Kg5 47. Kh2 Rg6 48. Kh1 Rg8 49. Kh2 Re8 50. Rd1 Kf6 51. Rdd2 Ng6 52. Rd1 Kg5 53. Rdf1 Re7 54. Rd1 e4 55. fxe4 fxe4 56. Rdf1 e3 57. Rf5+ Kh6 58. Rf6 Kg7 59. Bxg6 Rxg6 60. R6f4 e2 61. Re1 Rf6 62. Rxf6 Kxf6 63. g3 Kf5 64. Kg2 Re3 65. gxh4 Ke4 66. Kf2 Kd3 67. h5 Rxh3 68. h6 Rxh6 69. Kf3 Rf6+ 70. Kg2 Kd2 0-1

[Event "Titled Tuesday intern op 16th Jan Late"]
[Site "Chess.com INT"]
[Date "2024.01.16"]
[Round "1"]
[White "Harsha, Bharathakoti"]
[Black "Aashman, Gupta"]
[Result "0-1"]
[WhiteElo "2565"]
[BlackElo "2235"]
[PlyCount "54"]
[EventDate "2024.01.16"]
[EventType "swiss (blitz)"]
[EventRounds "11"]
[EventCountry "USA"]
[SourceTitle "CB04_2024"]
[SourceDate "2023.10.16"]
[SourceVersion "1"]
[SourceVersionDate "2023.10.16"]
[SourceQuality "1"]

1. e4 e5 2. Nf3 Nc6 3. Bb5 a6 4. Ba4 d6 5. 0-0 Bg4 6. c3 Qf6 7. d4 Bxf3 8. gxf3 b5 9. Bb3 exd4 10. f4 Qg6+ 11. Kh1 Qxe4+ 12. f3 Qf5 13. a4 Rb8 14. axb5 axb5 15. cxd4 Nge7 16. Nc3 b4 17. Ne4 g6 18. d5 Nd8 19. Qd4 f6 20. Ng3 Qh3 21. Qxf6 Nf5 22. Re1+ Kd7 23. Nxf5 gxf5 24. Ba4+ c6 25. dxc6+ Kc7 26. Re7+ Kc8 27. Re2 Qf1# 0-1

[Event "Titled Tuesday intern op 16th Jan Late"]
[Site "Chess.com INT"]
[Date "2024.01.16"]
[Round "7"]
[White "Harsha, Bharathakoti"]
[Black "Hambleton, Aman"]
[Result "0-1"]
[WhiteElo "2565"]
[BlackElo "2420"]
[PlyCount "144"]
[EventDate "2024.01.16"]
[EventType "swiss (blitz)"]
[EventRounds "11"]
[EventCountry "USA"]
[SourceTitle "CB04_2024"]
[SourceDate "2023.10.16"]
[SourceVersion "1"]
[SourceVersionDate "2023.10.16"]
[SourceQuality "1"]

1. e4 b6 2. d4 Bb7 3. Bd3 e6 4. Nf3 d5 5. e5 Ba6 6. Bxa6 Nxa6 7. Qd3 Nb4 8. Qe2 c5 9. c3 Nc6 10. 0-0 Qd7 11. Bg5 h6 12. Bh4 Nge7 13. g4 h5 14. h3 hxg4 15. hxg4 cxd4 16. cxd4 Nxd4 17. Nxd4 Rxh4 18. Nc3 Nc6 19. Nxc6 Qxc6 20. Rac1 Qc4 21. Qxc4 dxc4 22. f3 Bc5+ 23. Kg2 Be3 24. Rce1 Bd2 25. Re4 Bxc3 26. bxc3 Rc8 27. Rd1 Ke7 28. Rdd4 Rch8 29. Kf2 Rh2+ 30. Ke3 Rxa2 31. Rxc4 Rd8 32. Rc6 g5 33. Rc7+ Rd7 34. Rc8 Ra3 35. Rec4 Ra5 36. Ke4 Ra1 37. f4 Re1+ 38. Kf3 Rf1+ 39. Ke3 gxf4+ 40. Rxf4 Re1+ 41. Kf3 Rxe5 42. Rfc4 Red5 43. Kf4 Rd1 44. Ke4 Kf6 45. Kf4 Rf1+ 46. Ke3 Rg1 47. Rf4+ Kg7 48. Ra4 Rg3+ 49. Kf4 Rgd3 50. Rac4 b5 51. Rb4 a6 52. Rc6 R3d6 53. Rc5 Rd5 54. Rc6 R5d6 55. Rc5 Rd3 56. Rc6 R7d6 57. Rc7 Kf6 58. Rb1 Rd2 59. Ke3 Rg2 60. Rf1+ Ke5 61. Kf3 Rgd2 62. Kg3 R6d3+ 63. Kh4 f5 64. Re1+ Kd6 65. Ra7 Rh2+ 66. Kg5 fxg4 67. Rxa6+ Kc5 68. Re5+ Rd5 69. Raxe6 g3 70. Kf4 g2 71. Rxd5+ Kxd5 72. Rh6 Rxh6 0-1

[Event "Chesterfield SPICE Cup op"]
[Site "Chesterfield"]
[Date "2023.12.22"]
[Round "9"]
[White "Harsha, Bharathakoti"]
[Black "Hakobyan, Aram"]
[Result "0-1"]
[WhiteElo "2570"]
[BlackElo "2616"]
[PlyCount "71"]
[EventDate "2023.12.17"]
[EventType "swiss"]
[EventRounds "9"]
[EventCountry "USA"]
[SourceTitle "CB52_2023"]
[SourceDate "2023.12.27"]
[SourceVersion "1"]
[SourceVersionDate "2023.12.27"]
[SourceQuality "1"]

1. d4 Nf6 2. c4 e6 3. Nc3 Bb4 4. f3 d5 5. a3 Bxc3+ 6. bxc3 c5 7. cxd5 exd5 8. e3 c4 9. g4 Ng8 10. h4 h5 11. g5 Ne7 12. Ne2 Nbc6 13. Ra2 b5 14. Nf4 Ng6 15. e4 Nxf4 16. Bxf4 0-0 17. Bg2 Be6 18. 0-0 a5 19. Qd2 Qd7 20. Rb1 Rac8 21. Be3 b4 22. axb4 axb4 23. cxb4 c3 24. Qxc3 dxe4 25. d5 Bxd5 26. Rd1 exf3 27. Bxf3 Qf5 28. Bxd5 Qg4+ 29. Kf2 Qxd1 30. Bxc6 Qd6 31. Rc2 Qh2+ 32. Ke1 Qxh4+ 33. Kd1 Rfd8+ 34. Rd2 Re8 35. b5 Qa4+ 36. Kc1 0-1

[Event "Chesterfield SPICE Cup op"]
[Site "Chesterfield"]
[Date "2023.12.18"]
[Round "2"]
[White "Harsha, Bharathakoti"]
[Black "Sargsyan, Anna M"]
[Result "1/2-1/2"]
[WhiteElo "2570"]
[BlackElo "2364"]
[PlyCount "54"]
[EventDate "2023.12.17"]
[EventType "swiss"]
[EventRounds "9"]
[EventCountry "USA"]
[SourceTitle "CB52_2023"]
[SourceDate "2023.12.27"]
[SourceVersion "1"]
[SourceVersionDate "2023.12.27"]
[SourceQuality "1"]

1. Nf3 Nf6 2. c4 c6 3. Nc3 d5 4. e3 e6 5. b3 Bd6 6. Bb2 e5 7. cxd5 cxd5 8. Nb5 Nc6 9. Nxd6+ Qxd6 10. Bb5 e4 11. Nd4 0-0 12. h3 Bd7 13. Be2 Ne5 14. a4 Rfe8 15. Ba3 Qb6 16. 0-0 h6 17. Rc1 Nh7 18. f4 exf3 19. Bxf3 Ng5 20. Bxd5 Rad8 21. Bc4 Bxh3 22. gxh3 Rxd4 23. exd4 Qxd4+ 24. Kh2 Nxc4 25. Rxc4 Qd3 26. Rcf4 Qxh3+ 27. Kg1 Qg3+ 1/2-1/2

[Event "Titled Tuesday intern op 12th Dec Early"]
[Site "Chess.com INT"]
[Date "2023.12.12"]
[Round "6"]
[White "Harsha, Bharathakoti"]
[Black "Goh, Wei Ming Kevin"]
[Result "0-1"]
[WhiteElo "2570"]
[BlackElo "2471"]
[PlyCount "82"]
[EventDate "2023.12.12"]
[EventType "swiss (blitz)"]
[EventRounds "11"]
[EventCountry "USA"]
[SourceTitle "CB51_2023"]
[SourceDate "2023.12.20"]
[SourceVersion "1"]
[SourceVersionDate "2023.12.20"]
[SourceQuality "1"]

1. e4 c5 2. Nc3 Nc6 3. Bb5 Nd4 4. Nf3 e6 5. 0-0 a6 6. Bd3 Nc6 7. Rb1 Nf6 8. Re1 d6 9. a3 Be7 10. b4 0-0 11. bxc5 dxc5 12. a4 b6 13. e5 Nd5 14. Be4 Bb7 15. Ne2 Qc7 16. Ng3 Rad8 17. Qe2 Nf4 18. Qe3 Ng6 19. Bb2 Nb4 20. Bc3 Nd5 21. Qe2 Ngf4 22. Qc4 Rd7 23. d3 Rfd8 24. Bd2 Ng6 25. h4 Bc6 26. h5 b5 27. axb5 axb5 28. Qb3 Nf8 29. Ra1 h6 30. Ba5 Nb6 31. Bxc6 Qxc6 32. Reb1 b4 33. Bxb6 Qxb6 34. Qc4 Rd5 35. Ra6 Qb8 36. Rba1 Nd7 37. Ne4 Nxe5 38. Nxe5 Qxe5 39. Ra7 Bf8 40. Ng3 R5d7 41. Rxd7 Qxa1+ 0-1

[Event "Titled Tuesday intern op 12th Dec Early"]
[Site "Chess.com INT"]
[Date "2023.12.12"]
[Round "2"]
[White "Harsha, Bharathakoti"]
[Black "Maltsevskaya, Aleksandra"]
[Result "1-0"]
[WhiteElo "2570"]
[BlackElo "2384"]
[PlyCount "75"]
[EventDate "2023.12.12"]
[EventType "swiss (blitz)"]
[EventRounds "11"]
[EventCountry "USA"]
[SourceTitle "CB51_2023"]
[SourceDate "2023.12.20"]
[SourceVersion "1"]
[SourceVersionDate "2023.12.20"]
[SourceQuality "1"]

1. e4 c6 2. Nc3 d5 3. Qf3 e6 4. d4 dxe4 5. Qxe4 Nf6 6. Qh4 Be7 7. Nf3 Nbd7 8. Bd3 b6 9. 0-0 Bb7 10. Ne5 Nxe5 11. dxe5 Nd5 12. Qg3 Nxc3 13. Qxg7 Rf8 14. bxc3 Qc7 15. Be4 0-0-0 16. Bf4 c5 17. Bxb7+ Qxb7 18. Qxh7 Rg8 19. Bg3 Bg5 20. Rad1 Rdf8 21. Rfe1 Bf4 22. Qe4 Bxg3 23. fxg3 Qxe4 24. Rxe4 Kc7 25. c4 a6 26. a4 Rd8 27. Rd3 Kc6 28. Kf2 b5 29. axb5+ axb5 30. cxb5+ Kxb5 31. Ke3 Ra8 32. Rf4 Rg5 33. Rxf7 Rxe5+ 34. Kf2 c4 35. Re3 Rd5 36. Rxe6 Ra2 37. Re2 c3 38. Rc7 1-0

[Event "Titled Tuesday intern op 12th Dec Early"]
[Site "Chess.com INT"]
[Date "2023.12.12"]
[Round "10"]
[White "Harsha, Bharathakoti"]
[Black "Weetik, Vjacheslav"]
[Result "1-0"]
[WhiteElo "2570"]
[BlackElo "2423"]
[PlyCount "49"]
[EventDate "2023.12.12"]
[EventType "swiss (blitz)"]
[EventRounds "11"]
[EventCountry "USA"]
[SourceTitle "CB51_2023"]
[SourceDate "2023.12.20"]
[SourceVersion "1"]
[SourceVersionDate "2023.12.20"]
[SourceQuality "1"]

1. d4 Nf6 2. Bg5 d5 3. Bxf6 gxf6 4. e3 c5 5. Nf3 Nc6 6. c4 cxd4 7. cxd5 Qxd5 8. Nc3 Qa5 9. Nxd4 Bd7 10. Bb5 Rd8 11. Nxc6 bxc6 12. Bc4 Rg8 13. g3 h5 14. Qb3 e6 15. 0-0-0 f5 16. Rd3 Be7 17. Rhd1 Bc8 18. Qb8 Bd7 19. Qb7 Bc8 20. Qxc6+ Kf8 21. Rxd8+ Bxd8 22. Qxc8 Kg7 23. Qa6 Qc7 24. Bxe6 Bf6 25. Rd7 1-0

[Event "US Masters op"]
[Site "Charlotte"]
[Date "2023.11.25"]
[Round "7"]
[White "Escalante Ramirez, Brian Sebastian"]
[Black "Harsha, Bharathakoti"]
[Result "0-1"]
[WhiteElo "2490"]
[BlackElo "2563"]
[PlyCount "58"]
[EventDate "2023.11.22"]
[EventType "swiss"]
[EventRounds "9"]
[EventCountry "USA"]
[SourceTitle "CB48_2023"]
[SourceDate "2023.11.29"]
[SourceVersion "1"]
[SourceVersionDate "2023.11.29"]
[SourceQuality "1"]

1. e4 c5 2. Nf3 Nc6 3. Nc3 e5 4. Bc4 Be7 5. d3 d6 6. Nd2 Nf6 7. Nf1 Bg4 8. f3 Be6 9. Ne3 a6 10. a3 0-0 11. Ned5 b5 12. Ba2 Nh5 13. 0-0 Bg5 14. Bxg5 Qxg5 15. Qc1 Qg6 16. Ne2 Rac8 17. c3 f5 18. Qe3 Kh8 19. b4 f4 20. Qf2 Qf7 21. a4 cxb4 22. axb5 axb5 23. cxb4 Nf6 24. Nec3 Nxb4 25. Nxb5 Rc2 26. Nxd6 Qd7 27. Nxf6 Qxd6 28. Qh4 gxf6 29. Bxe6 Qxe6 0-1

[Event "US Masters op"]
[Site "Charlotte"]
[Date "2023.11.22"]
[Round "1"]
[White "Harsha, Bharathakoti"]
[Black "Caglar, Sila"]
[Result "1-0"]
[WhiteElo "2563"]
[BlackElo "2198"]
[PlyCount "43"]
[EventDate "2023.11.22"]
[EventType "swiss"]
[EventRounds "9"]
[EventCountry "USA"]
[SourceTitle "CB48_2023"]
[SourceDate "2023.11.29"]
[SourceVersion "1"]
[SourceVersionDate "2023.11.29"]
[SourceQuality "1"]

1. d4 Nf6 2. c4 g6 3. Nc3 d5 4. Nf3 Bg7 5. cxd5 Nxd5 6. Na4 Bf5 7. Nh4 Bc8 8. e4 Nb4 9. Nf3 Bxd4 10. Bh6 Bg4 11. Qb3 c5 12. Bc4 Qa5 13. Bxf7+ Kd8 14. 0-0 Bxf3 15. gxf3 Nd7 16. Rfd1 Kc7 17. Bf4+ e5 18. Rxd4 cxd4 19. Bd2 b5 20. Rc1+ Kb7 21. Bxb4 bxa4 22. Bd5+ 1-0

[Event "Titled Tuesday intern op 26th Sep Late"]
[Site "Chess.com INT"]
[Date "2023.09.26"]
[Round "4"]
[White "Harsha, Bharathakoti"]
[Black "Jaracz, Pawel"]
[Result "1-0"]
[WhiteElo "2563"]
[BlackElo "2472"]
[PlyCount "93"]
[EventDate "2023.09.26"]
[EventType "swiss (blitz)"]
[EventRounds "11"]
[EventCountry "USA"]
[SourceTitle "EXT 2024"]
[Source "ChessBase"]
[SourceDate "2023.10.10"]
[SourceVersion "1"]
[SourceVersionDate "2023.10.10"]
[SourceQuality "1"]

1. Nf3 d5 2. g3 Nd7 3. d4 Nb6 4. Bg2 Bf5 5. Nc3 e6 6. 0-0 Bb4 7. Nh4 Nf6 8. Nxf5 exf5 9. Qd3 Qd7 10. a3 Be7 11. b3 0-0 12. Bb2 Rad8 13. e3 h5 14. Ne2 h4 15. c4 c6 16. cxd5 Nbxd5 17. Rad1 Rfe8 18. Rfe1 hxg3 19. hxg3 Ne4 20. f3 Ng5 21. e4 fxe4 22. fxe4 Nf6 23. Nf4 Qg4 24. e5 Nh5 25. Nxh5 Qxh5 26. Qf5 g6 27. Qf4 Ne6 28. Qf3 Qh6 29. b4 Rd7 30. Rf1 Bg5 31. Rd3 Red8 32. Qe4 Nxd4 33. Rfd1 Be3+ 34. Qxe3 Qxe3+ 35. Rxe3 Ne2+ 36. Rxe2 Rxd1+ 37. Kf2 R1d2 38. Bc3 R2d3 39. Rc2 Rd1 40. Bf3 Rb1 41. Be2 Rb3 42. a4 Ra3 43. a5 b6 44. Bc4 b5 45. Be2 Rd5 46. Bf3 Rd3 47. Bd2 1-0